Datum a čas kvízu
47.5
Celkem bodů
Celkový počet nahraných bodů na tomto kvízu bez doplňovacích otázek.
1.
Pořadí na kvízu
Konečné umístění týmu na tomto kvízu.
Zaznamenané odpovědi
| # | Otázka | Odpověď | Body | Výsledky |
|---|---|---|---|---|
| 1. | Prezident Pavel si při své dvo... | TON | 1 | |
| 2. | Záplavy minulý týden velmi ztí... | Dubaj | 1 | |
| 3. | Česká televize zveřejnila jmén... | Chili | 1 | |
| 4. | Abstraktní obraz Conception/Da... | František Kupka | 1 | |
| 5. | Americké atletky nebyly při př... | Nike | 1 | |
| 6. | Bolívie má, stejně jako několi... | Sucre; La Paz | 0.5 | |
| 7. | Které evropské hlavní město se... | Oslo | 1 | |
| 8. | Nyní vám dáme na výběr, zda si... | Windhoek; Manila | 0.5 | |
| 9. | Které malebné a nepříliš lidna... | Lublaň | 1 | |
| 10. | Kazachstán drží rekord v přejm... | Astana; Nur-Sultan | 0.5 |